| 000 | 05863nam0a22004691 4500 | ||
|---|---|---|---|
| 001 | RU\NLR\BIBL_A\012565259 | ||
| 005 | 20260601075347.0 | ||
| 035 | _a(NLR Aleph) 012565259 | ||
| 090 |
_a12473157 _c12473157 |
||
| 100 | _a20210715d1803 |||y0rusy50 ca | ||
| 101 | 0 | _arus | |
| 102 | _aRU | ||
| 105 | _ay n 000yy | ||
| 200 | 1 |
_aУказ его императорскаго величества самодержца всероссийскаго, _e[О штрафах по апелляционным делам прощенных всемилостивейшим манифестом] _fиз Правительствующаго Сената |
|
| 210 |
_a[Санкт-Петербург _cСенатская типография _dдек. 1803] |
||
| 215 |
_a[2] с. _d2° |
||
| 300 | _aСенат. указ от 14 дек. 1803 г. | ||
| 300 | _aТекст напеч. на одной стороне листа | ||
| 300 | _aТекст начинается словами: По указу его императорскаго величества Правительствующий Сенат слушав предложение бывшаго министра юстиции, господина действительнаго тайнаго советника и кавалера Гаврилы Романовича Державина и приложенную при оном копию с отношения... | ||
| 300 | _aВ конце текста дата: Декабря дня 1803 года | ||
| 300 | _aМесто изд. и тип. даны по рукоп. реестру к конволюту | ||
| 316 |
_aЭкз. РНБ (18.88.1.1-6-172) является частью владельч. конволюта. Припл. к: Указ его императорскаго величества самодержца всероссийскаго,: [О произвождении выдачи денег из Заемного банка по прошениям, подписанным не только владельцами имения, но и уполномоченными от них доверенностями, в судебных местах утвержденными] / из Правительствующаго Сената. - [Санкт-Петербург: Сенатская типография, июль 1803]. В верхнем правом углу от руки написан порядковый номер аллигата: 172 _5NLR: 18.88.1.1-6-172 |
||
| 321 | 1 | _aПСЗ. Т.27. 21079 | |
| 482 | 0 |
_1001RU\NLR\BIBL_A\012131675 _12001#$aУказ его императорскаго величества самодержца всероссийскаго,$e[О произвождении выдачи денег из Заемного банка по прошениям, подписанным не только владельцами имения, но и уполномоченными от них доверенностями, в судебных местах утвержденными]$fиз Правительствующаго Сената _1210##$a[Санкт-Петербург$cСенатская типография$dиюль 1803] _912049641 _c[Санкт-Петербург _dиюль 1803] _fиз Правительствующаго Сената _nСенатская типография _o[О произвождении выдачи денег из Заемного банка по прошениям, подписанным не только владельцами имения, но и уполномоченными от них доверенностями, в судебных местах утвержденными] _p[2] с. _tУказ его императорскаго величества самодержца всероссийскаго, |
|
| 517 | 1 | _aПо указу его императорскаго величества Правительствующий Сенат слушав предложение бывшаго министра юстиции, господина действительнаго тайнаго советника и кавалера Гаврилы Романовича Державина и приложенную при оном копию с отношения... | |
| 517 | 1 | _aО штрафах по апелляционным делам прощенных всемилостивейшим манифестом | |
| 518 | 1 | _aУказ его императорского величества самодержца всероссийского, | |
| 518 | 1 | _aПо указу его императорского величества Правительствующий Сенат слушав предложение бывшего министра юстиции, господина действительного тайного советника и кавалера Гаврилы Романовича Державина и приложенную при оном копию с отношения... | |
| 606 | 1 |
_aЗаконодательство _yРоссия _z1801 - 1825 _92280395 _3RU\NLR\AUTH\6601594564 |
|
| 620 | _dСанкт-Петербург | ||
| 686 | _aХ2(2)47-3 | ||
| 702 | 0 |
_4720 _7ca _8rus _aАлександр _cимператор российский _dI _f1777-1825 _9115306 _3RU\NLR\AUTH\775342 |
|
| 702 | 1 |
_8rus _7ca _aДержавин _bГ. Р. _f1743-1816 _gГаврила Романович _3RU\NLR\AUTH\773473 _9113469 |
|
| 710 | 0 | 1 |
_4720 _aРоссия _bИмператор _c1801-1825; Александр I _9584940 _3RU\NLR\AUTH\8810042745 |
| 711 | 0 | 1 |
_4720 _aРоссия _bСенат _9392688 _3RU\NLR\AUTH\889948534 |
| 712 | 0 | 2 |
_4610 _aСенатская типография _cПетербург _9375085 _3RU\NLR\AUTH\889940127 |
| 852 |
_aNLR _j18.88.1.1-6-172 |
||
| 942 | _cBOOK | ||
| 980 | _aNB | ||
| 980 | _aA1UKAZ | ||